| 000 | 00888nam a2200229Ia 4500 | ||
|---|---|---|---|
| 999 |
_c4263 _d4263 |
||
| 003 | OSt | ||
| 005 | 20200413111403.0 | ||
| 008 | 191128s2009 ck br 000 j spa d | ||
| 020 | _a9587043723 | ||
| 040 |
_aCO-JMCR _cCO-JMCR |
||
| 041 | 0 | _aspa | |
| 082 | 0 | 4 |
_aC / _bDAh |
| 100 | 1 |
_aDa Coll, Ivar, _d1962 _eautor _92901 |
|
| 245 | 1 | 0 |
_aHamamelis, miosotis y el señor sorpresa / _cIvar Da Coll |
| 250 | _aPrimera edición | ||
| 260 |
_aBogotá : _bAlfaguara, _c2009 |
||
| 300 | _a24 páginas ; | ||
| 520 | _aHamamelis y Miosotis siempre han sido grandes amigos. Un día Miosotis le dice a Hamamelis que está triste: una pantufla se le ha echado a perder. Otro día Hamamelis le dice a Miosotis que se encuentra afligido: su taza preferida ha perdido la oreja. | ||
| 521 | _aRecomendado a partir de 4 años. | ||
| 650 |
_aCuentos infantiles colombianos _92907 |
||
| 942 |
_2ddc _cBK |
||